Sports Quiz

Random Sports or WWE Quiz

Poll: 2020 Men's Money in the Bank Match Quiz Stats

 Plays Quiz not verified by Sporcle

Score 0/6 Timer 05:00
0 Plays Today
% Correct
Aleister Black
92.1%
AJ Styles
90.8%
Daniel Bryan
86.8%
Rey Mysterio
86.8%
King Corbin
86.8%
Otis
86.8%
Remove Ads.
Support Sporcle.
Get the best of Sporcle when you Go Orange. This ad-free experience offers more features, more stats, and more fun while also helping to support Sporcle. Thank you for becoming a member.

You're not logged in!

Compare scores with friends on all Sporcle quizzes.
OR
Log In

Sporcle TV

Today on Sporcle TV


Watch our educational content, quiz creation guides, and fun videos on Sporcle TV.

Show Comments

Extras

Top Quizzes Today


Score Distribution

Paid Content

Your Account Isn't Verified!

In order to create a playlist on Sporcle, you need to verify the email address you used during registration. Go to your Sporcle Settings to finish the process.

Report this User

Report this user for behavior that violates our Community Guidelines.

Details: